000 00331nam a2200133Ia 4500
008 230717s9999 xx 000 0 und d
020 _a81-7534-144-7
041 _aeng
082 _a340.1
_bFRI
100 _aFriedmann W
245 _aLegal Theory
250 _a5ed.
260 _aDelhi
_bUniversal Law Publishing Co.Pvt.Ltd.
_c1967
999 _c671519
_d671519